1014 1841 1255 1129 1741 1711 1918 1840 1706 1781 1713 1388 1759 1476 1007 1424 1855 1720 1819 1766 1765 1627 1285 1253 1472 1322 1094 1828 1453 1710 1498 1482 1399 1463 1051 1777 1705 1499 1869 1983 1788 1525 1014 1736 1656 1929 1579 1507 1613 1195 1199 1480 1375 1895 1732 1585 1181 1400 1462 1664 1581 1272 1002 1138 1750 1278 1305 1854 1738 1924 1626 1988 1618 1003 1524 1198 1259 1265 1250 1876 1738 1950 1913 1723 1552 1119 1155 1986 1495 1854 1656 1124 1522 1176 1793 1773 1206 1573 1525 BCNSPRNW ULIB Ver.6.0+V

เปลี่ยนเป็นภาษาไทย

Change to English
 แสดงรายละเอียดบรรณานุกรม
  กลับหน้าหลัก

Brief Record : Get Marc (ISO 2709) : E-mail record : QR code < ปิดหน้าต่าง
LEADER : 00000nam 2200000uu 4500
001    13399113369
003     ULIB
008    110627s2551||||th 000 0 tha d
020    9789741033638
090    นว.^bด812S 2551
100 0  เด็กทะเล
245 00 Silver Rain...หยาดฝนสีน้ำเงิน/^cเด็กทะเล
250    พิมพ์ครั้งที่ 3
260    กรุงเทพฯ :^bอมรินทร์,^c2551
300    345 หน้า
710 1  อมรินทร์
945    ^p219^l0^i023592
995    ทศพร
999 ^a ใช้งานได้ทุกระบบ
รายการนี้ยังไม่มีแท็ก
คุณยังไม่ได้ล็อกอิน คุณสามารถมีกิจกรรมร่วมกับเว็บไซต์ได้ แต่ต้องล็อกอินก่อน ::
  ล็อกอิน

รายการสื่อสารสนเทศ

ลำดับที่ ประเภท เลขเรียก/บาร์โค้ด สถานที่ สถานะ
- ไม่พบข้อมูล -

รายการใกล้เคียง
    ผู้แต่ง [เด็กทะเล]

BibComment


ยังไม่เคยถูกคอมเมนท์

คอมเมนท์ทรัพยากรรายการนี้
  คอมเมนท์: Silver Rainหยาดฝน..


 Copyright 2026. Bcnsprnw @Library